| 000 | 00821nam a2200265 a 4500 | ||
|---|---|---|---|
| 008 | |||
| 020 | _a9780521154192 (paperback) | ||
| 040 |
_aNUST _cNUST |
||
| 049 | _aMAIN | ||
| 090 |
_aQC311.5 _bLAU |
||
| 100 | 1 | _aLaurendeau, Normand M. | |
| 245 | 1 | 0 | _aStatistical Thermodynamics, Fundamentals and Applications |
| 260 |
_aNew York : _b Cambridge, _c2005 |
||
| 300 |
_axvi, 448 pages. : _billustrations ; _c24 cm |
||
| 336 |
_atext _btxt _2rdacontent |
||
| 337 |
_aunmediated _bn _2rdamedia |
||
| 338 |
_avolume _bnc _2rdacarrier |
||
| 500 | _aIncludes index. | ||
| 650 | _aStatistical Thermodynamics. | ||
| 650 | 1 | _aStatistics of independent particles. | |
| 907 |
_a.b10400151 _b09-04-21 _c26-03-21 |
||
| 003 | |||
| 005 | 20230120144501.0 | ||
| 942 |
_cBOOKS _kQC311.5 _mLAU |
||
| 999 |
_c97685 _d97685 |
||